Perturbations, optimization and statistics (Record no. 5585)

MARC details
000 -LEADER
fixed length control field 00785nam a22002537a 4500
003 - CONTROL NUMBER IDENTIFIER
control field OSt
005 - DATE AND TIME OF LATEST TRANSACTION
control field 20220107122824.0
008 - FIXED-LENGTH DATA ELEMENTS--GENERAL INFORMATION
fixed length control field 170421b xxu||||| |||| 00| 0 eng d
020 ## - INTERNATIONAL STANDARD BOOK NUMBER
International Standard Book Number 9780262035644
040 ## - CATALOGING SOURCE
Transcribing agency IIITMK
082 ## - DEWEY DECIMAL CLASSIFICATION NUMBER
Classification number 515.392 HAZ/P
100 ## - MAIN ENTRY--PERSONAL NAME
Personal name Hazan, Tamir (Eds.)
9 (RLIN) 11611
245 ## - TITLE STATEMENT
Title Perturbations, optimization and statistics
Statement of responsibility, etc. Tamir Hazan, George Papandreou and Dainel Tarlow
260 ## - PUBLICATION, DISTRIBUTION, ETC.
Place of publication, distribution, etc. Cambridge,
Name of publisher, distributor, etc. The MIT Press,
Date of publication, distribution, etc. 2016.
300 ## - PHYSICAL DESCRIPTION
Extent viii, 401p.
440 ## - SERIES STATEMENT/ADDED ENTRY--TITLE
Title Neural information processing series
9 (RLIN) 11614
650 ## - SUBJECT ADDED ENTRY--TOPICAL TERM
Topical term or geographic name entry element MATHEMATICS
9 (RLIN) 11615
650 ## - SUBJECT ADDED ENTRY--TOPICAL TERM
Topical term or geographic name entry element ANALYSIS
9 (RLIN) 11616
650 ## - SUBJECT ADDED ENTRY--TOPICAL TERM
Topical term or geographic name entry element DIFFERENTIAL CALCULUS
9 (RLIN) 11617
650 ## - SUBJECT ADDED ENTRY--TOPICAL TERM
Topical term or geographic name entry element PERTURBATIONS THEORY
9 (RLIN) 11618
700 ## - ADDED ENTRY--PERSONAL NAME
Personal name Papandreou, George
9 (RLIN) 11612
700 ## - ADDED ENTRY--PERSONAL NAME
Personal name Tarlow, Daniel
9 (RLIN) 11613
942 ## - ADDED ENTRY ELEMENTS (KOHA)
Source of classification or shelving scheme Dewey Decimal Classification
Koha item type Books
Holdings
Withdrawn status Lost status Source of classification or shelving scheme Damaged status Not for loan Collection code Home library Current library Shelving location Date acquired Cost, normal purchase price Total Checkouts Full call number Barcode Date last seen Price effective from Koha item type
    Dewey Decimal Classification     Non Fiction Kerala University of Digital Sciences, Innovation and Technology Knowledge Centre Kerala University of Digital Sciences, Innovation and Technology Knowledge Centre Mathematics 21/04/2017 3123.00   515.392 HAZ/P 4757 03/12/2020 21/04/2017 Books